Microsoft Windows 2000 Professional : Jenoduše

Salvato in:
Dettagli Bibliografici
Autore principale: Roubal, Pavel (Autore)
Natura: Libro
Lingua:ceco
Pubblicazione: Praha : Computer Press, 2000
Edizione:1. vyd.
Tags: Aggiungi Tag
Nessun Tag, puoi essere il primo ad aggiungerne!!

MARC

LEADER 00000nam a22000003a 4500
001 stu53990
005 20150617225703.9
008 000608s2000----xr------------------cze-d
020 |a 8072262963 
040 |a STU  |b slo 
041 0 |a cze 
044 |a xr 
080 |a 681.3.066 Windows 2000 
100 1 |a Roubal, Pavel  |4 aut 
245 1 |a Microsoft Windows 2000 Professional :  |b Jenoduše 
250 |a 1. vyd. 
260 |a Praha :  |b Computer Press,  |c 2000 
300 |a 105 s 
996 |b 284J002524  |c J*96959  |l JJST  |s P  |a 0  |w stu53990_0001 
996 |b 284J002525  |c J*96960  |l JJSK  |s A  |a 24  |w stu53990_0002